000 00501nam a2200157 a 4500
001 000035262
005 20200930074220.0
008 111026s1967 ag 000 0 spa d
040 _aDO-SdBNP
_bspa
_cBNPHU
100 1 _aKogan, Jacobo
_961018
245 1 0 _aHusserl /
_cJacobo Kogan.
260 _aBuenos Aires :
_bCentro editor de América Latina,
_c1967.
300 _a125 p. ;
_c19 cm.
490 1 _aEnciclopedia del pensamiento esencial
_v4
830 0 _aEnciclopedia del pensamiento esencial
_n4
_961019
999 _c34753
_d34753